000 nam a22 7a 4500
999 _c233490
_d233490
003 Nust
005 20170308112506.0
008 170308b xxu||||| |||| 00| 0 eng d
040 _c0
050 _a363.7 TAH
082 _a363.7 TAH
100 _aTehseen Tahir
245 _aPhotocatalytic Inactivation Of Hospital-Associated Bacteria Using Titania Nanoparticle Coated Textiles
_cTehseen Tahir
260 _aIslamabad
_bIESE (SCEE) NUST
_c2016.
300 _a76 p.
_bHB.
440 _aMS Environmental Science
500 _aThesis MS ES
650 _aEnvironmental Science
700 _4Dr. Ishtiaq A Qazi (Supervisor)
942 _2ddc
_cTHE
_kIESE